000 00525nam a2200181 a 4500
001 000018668
005 20200929165834.0
008 100512s1983 pr m r 000 0 spa d
020 _a8449992028
040 _aDO-SdBNP
_bspa
_cBNPHU
082 _a972.95
_bB825h
100 1 _aBrau, Salvador,
_d1842-1912
_931776
245 1 0 _aHistoria de Puerto Rico /
_cSalvador Brau.
260 _aRío Piedras, Puerto Rico :
_bEDIL,
_c1983.
300 _a278 p. :
_bmap. ;
_c18 cm.
651 4 _aPuerto Rico
_xHistoria
_91079
049 _aBNGR
999 _c18188
_d18188